Подробности
| 000 -МАРКЕР |
| контрольное поле |
02590nam0a2200433 4500 |
| 001 - ИДЕНТИФИКАТОР ЗАПИСИ |
| контрольное поле |
RU\NLR\bibl\198955 |
| 005 - ИДЕНТИФИКАТОР ВЕРСИИ |
| контрольное поле |
20260407072946.0 |
| 010 ## - МЕЖДУНАРОДНЫЙ СТАНДАРТНЫЙ НОМЕР КНИГИ (ISBN) |
| Номер (ISBN) |
5-269-00989-7 |
| Тираж |
2000 |
| 021 ## - НОМЕР ГОСУДАРСТВЕННОЙ РЕГИСТРАЦИИ |
| Код страны |
Российская Федерация |
| Номер |
2001-446и |
| Номер Листа государственной регистраци |
36и |
| 035 ## - ДРУГИЕ СИСТЕМНЫЕ НОМЕРА |
| Идентификатор записи |
(NLR Aleph) 001341505 |
| 100 ## - ДАННЫЕ ОБЩЕЙ ОБРАБОТКИ |
| Данные общей обработки |
20011101d2001 u y0rusy50 ca |
| 101 0# - ЯЗЫК РЕСУРСА |
| Язык текста, звукозаписи и т.д. |
русский |
| 102 ## - СТРАНА ПУБЛИКАЦИИ ИЛИ ПРОИЗВОДСТВА |
| Страна публикации |
Российская Федерация |
| 105 ## - ПОЛЕ КОДИРОВАННЫХ ДАННЫХ: ТЕКСТОВЫЕ МАТЕРИАЛЫ, МОНОГРАФИЧЕСКИЕ |
| Кодированные данные о монографическом текстовом документе |
a ||||||||| |
| 200 1# - ЗАГЛАВИЕ И СВЕДЕНИЯ ОБ ОТВЕТСТВЕННОСТИ |
| Основное заглавие |
Нидерландский, фламандский и голландский рисунок XVI-XVIII веков |
| Параллельное заглавие |
Netherlandish, flemish and dutch drawings of the XVI-XVIII centuries |
| Основное заглавие |
Бельгийский и голландский рисунок XIX-XX веков |
| Параллельное заглавие |
Belgian and dutch drawings of the XIX-XX centuries |
| Сведения, относящиеся к заглавию |
[Кат.] |
| Первые сведения об ответственности |
Вадим Садков |
| Последующие сведения об ответственности |
Гос. музей изобраз. искусств им. А.С. Пушкина |
| Язык параллельного заглавия |
английский |
| 210 ## - ПУБЛИКАЦИЯ, РАСПРОСТРАНЕНИЕ И ДР. |
| Место издания, распространения и т.д. |
Москва |
| Имя издателя, распространителя и т. д. |
Галарт |
| Дата издания, распространения и т.д. |
2001 |
| 215 ## - ФИЗИЧЕСКАЯ ХАРАКТЕРИСТИКА |
| Специфическое обозначение материала и объем |
422, [1] с. |
| Другие сведения о физической характеристике |
ил. |
| Размеры |
27 |
| 300 ## - ОБЩИЕ ПРИМЕЧАНИЯ |
| Текст примечания |
Авт. также на англ. яз.: Vadim Sadkov |
| 300 ## - ОБЩИЕ ПРИМЕЧАНИЯ |
| Текст примечания |
На обл. авт. не указан |
| 320 ## - ПРИМЕЧАНИЯ О НАЛИЧИИ В ДОКУМЕНТЕ БИБЛИОГРАФИИ / УКАЗАТЕЛЯ |
| Текст примечания |
Библиогр. в примеч.: с. 17 и в тексте |
| 510 0# - ПАРАЛЛЕЛЬНОЕ ЗАГЛАВИЕ |
| Связь между полями |
z22790 |
| Параллельное заглавие |
Netherlandish, flemish and dutgh drawings of the XVI-XVIII centuries |
| Язык заглавия |
английский |
| 601 02 - НАИМЕНОВАНИЕ ОРГАНИЗАЦИИ КАК ПРЕДМЕТ |
| Начальный элемент ввода |
Государственный музей изобразительных искусств им. А.С. Пушкина |
| Идентифицирующий признак |
Москва, город |
| Формальный подзаголовок |
Каталоги |
| Тематический подзаголовок |
Коллекция рисунка |
| Системный номер авторитетной/нормативной записи |
2611210 |
| Идентификатор авторитетной/нормативной записи |
RU\NLR\AUTH\661547768 |
| 606 0# - НАИМЕНОВАНИЕ ТЕМЫ КАК ПРЕДМЕТ |
| Наименование темы |
Рисунок нидерландский |
| Тематический подзаголовок |
Музей изобразительных искусств. Москва |
| Системный номер авторитетной/нормативной записи |
2224026 |
| Идентификатор авторитетной/нормативной записи |
RU\NLR\auth\661335254 |
| 606 0# - НАИМЕНОВАНИЕ ТЕМЫ КАК ПРЕДМЕТ |
| Наименование темы |
Рисунок бельгийский |
| Тематический подзаголовок |
Музей изобразительных искусств. Москва |
| Системный номер авторитетной/нормативной записи |
2224025 |
| Идентификатор авторитетной/нормативной записи |
RU\NLR\auth\661335253 |
| 606 1# - НАИМЕНОВАНИЕ ТЕМЫ КАК ПРЕДМЕТ |
| Наименование темы |
Рисунок бельгийский |
| Формальный подзаголовок |
Каталоги |
| Системный номер авторитетной/нормативной записи |
902013 |
| Идентификатор авторитетной/нормативной записи |
RU\NLR\auth\66328090 |
| 606 1# - НАИМЕНОВАНИЕ ТЕМЫ КАК ПРЕДМЕТ |
| Наименование темы |
Рисунок нидерландский |
| Формальный подзаголовок |
Каталоги |
| Системный номер авторитетной/нормативной записи |
907026 |
| Идентификатор авторитетной/нормативной записи |
RU\NLR\auth\66330566 |
| 686 ## - ИНДЕКСЫ ДРУГИХ КЛАССИФИКАЦИЙ |
| Индекс |
Щ153(4Н)-44л61 |
| 686 ## - ИНДЕКСЫ ДРУГИХ КЛАССИФИКАЦИЙ |
| Индекс |
Щ153(4Б)-44л61 |
| 700 #1 - ИМЯ ЛИЦА - ПЕРВИЧНАЯ ОТВЕТСТВЕННОСТЬ |
| Начальный элемент ввода |
Садков |
| Часть имени, кроме начального элемента ввода |
В. А. |
| Расширение инициалов личного имени |
Вадим Анатольевич |
| Код отношения |
Автор |
| 711 02 - НАИМЕНОВАНИЕ ОРГАНИЗАЦИИ - АЛЬТЕРНАТИВНАЯ ОТВЕТСТВЕННОСТЬ |
| Начальный элемент ввода |
Государственный музей изобразительных искусств им. А. С. Пушкина |
| Идентифицирующий признак |
Москва |
| Системный номер авторитетной/нормативной записи |
277150 |
| Идентификатор авторитетной/нормативной записи |
RU\NLR\AUTH\883002 |
| 790 #1 - ИМЯ ЛИЦА - АЛЬТЕРНАТИВНАЯ ФОРМА |
| Связь между полями |
z22510 |
| Начальный элемент ввода |
Sadkov |
| Часть имени, кроме начального элемента ввода |
V. A. |
| Расширение инициалов личного имени |
Vadim Anatol'tvič |
| 801 #0 - ИСТОЧНИК ЗАПИСИ |
| Страна |
Российская Федерация |
| Организация |
NLR |
| Дата составления |
20011101 |
| Правила каталогизации |
PSBO |
| 801 #1 - ИСТОЧНИК ЗАПИСИ |
| Страна |
Российская Федерация |
| Организация |
NLR |
| Дата составления |
20011101 |
| 852 ## - МЕСТОНАХОЖДЕНИЕ И ШИФР ХРАНЕНИЯ |
| Идентификатор организации |
NLR |
| Наименование фонда или коллекции (Sub-Location Identifier) |
Э |
| Шифр хранения (Call Number) |
КИс134/М821 |
| 942 ## - ДОПОЛНИТЕЛЬНЫЕ ЭЛЕМЕНТЫ ЗАПИСИ (АБИС) |
| Тип экземпляра АБИС |
Книга |
| 980 ## - КОЛЛЕКЦИЯ |
| Название коллекции |
Национальная библиография |